00465nam a2200133Ia 4500008004100000100002800041245001700069260001700086260000900103546001200112999001700124952009500141952009500236170619s9999 xx 000 0 und d aPrescott/ Harley/ Klein 0aMicrobiology bMc Graw Hill c2005 aENGLISH c18059d18059 00102ddc4070a06b06d2005-03-02e22l0p06-B-13758r2017-07-03w2017-07-03y01zcm po 00102ddc4070a06b06d2005-03-02e22l0p06-B-13759r2017-07-03w2017-07-03y01zcm po